Statistics for Countries with the Most Pet Cats

Click here to take the quiz!

General Stats

  • This quiz has been taken 90 times
  • The average score is 9 of 10

Answer Stats

Millions Country % Correct
76.50United States
99%
53.00China
96%
9.50France
95%
7.75United Kingdom
95%
7.75Germany
94%
7.25Japan
90%
12.75Russia
88%
12.50Brazil
79%
9.50Italy
79%
7.50Ukraine
44%

Score Distribution

Percentile by Number Answered

Percent of People with Each Score

Your Score History

You have not taken this quiz